Score 0/16 Timer 02:00
0 Plays Today
Hint Ans. % Correct
Maternal parentMOM
92.6%
Music group: Death Cab ___ CutieFOR
82.4%
Israeli model, or Indian River, or Blur singleMOR
67.3%
One of the snakes used by CleopatraASP
62.2%
35th U.S. president*JFK
60.7%
To carry something especially heavyLUG
59.4%
32nd U.S. presidentFDR
59.4%
Serving container for drinks, e.g., milkJUG
54.3%
Hint Ans. % Correct
36th U.S. presidentLBJ
48.9%
Follows national- or social-ISM
48.5%
Traditional media (abbr.)MSM
43.1%
Comcast or VerizonISP
43.1%
1st word of a quote from [2 rungs below*]ASK
40.6%
A Korean porridgeJUK
38.8%
Chat acronym (meaning not at computer)AFK
38.5%
IATA symbol for Le Bourget Airport (Paris)LBG
37%

Today's Daily Dose

You're not logged in!

Compare scores with friends on all Sporcle quizzes.
OR
Log In

Sporcle TV

Today on Sporcle TV


Watch our educational content, quiz creation guides, and fun videos on Sporcle TV.

Show Comments

Extras

Top Quizzes Today


Score Distribution

Your Account Isn't Verified!

In order to create a playlist on Sporcle, you need to verify the email address you used during registration. Go to your Sporcle Settings to finish the process.

Report this User

Report this user for behavior that violates our Community Guidelines.

Details: